A 2013-as árvíz okozta akkumuláció a Tisza mindszenti szakaszán

Elmentve itt :
Bibliográfiai részletek
Szerző: Végh Zsuzsanna
További közreműködők: Kiss Timea (Témavezető)
Dokumentumtípus: Szakdolgozat
Megjelent: 2014
Tárgyszavak:
Online Access:http://diploma.bibl.u-szeged.hu/53435
LEADER 00702nta a2200169 i 4500
001 dipl53435
005 20150828141443.0
008 150828s2014 hu om 0|| zxx d
040 |a SZTE Diploma Repozitórium  |b hun 
041 |a zxx 
100 1 |a Végh Zsuzsanna 
245 1 2 |a A 2013-as árvíz okozta akkumuláció a Tisza mindszenti szakaszán  |h [elektronikus dokumentum] /  |c Zsuzsanna Végh 
246 1 0 |a Overbank floodplain accumulation along the Lower Tisza, at Mindszent, 2013  |h [elektronikus dokumentum] 
260 |c 2014 
650 4 |a Természettudományok 
700 1 |a Kiss Timea  |e ths 
856 4 0 |u http://diploma.bibl.u-szeged.hu/id/eprint/53435/1/2013_V%C3%A9gh_Zsuzsanna_VEZTAAT_SZE_SZ.pdf  |z Dokumentum-elérés